Personnages Star Wars 9 - L'ascension de Skywalker - Statistiques

Statistiques générales
  • Ce quiz a été pris 153 fois
  • Le résultat moyen est 17 sur 20
Statistiques - réponses
Par images Réponse % Correct
R2D2
100%
Rey Palpatine / " Skywalker "
100%
BB8
99%
Ben Solo / Kylo Ren
99%
C3PO
99%
Finn
99%
Han Solo
99%
Leia Organa
99%
Luke Skywalker
99%
Chewbacca
98%
Palpatine / Sidious
98%
Poe Dameron
97%
Lando Calrissian
94%
Rose Tico
90%
Maz Kanata
87%
Hux
86%
Zorii Bliss
55%
Connix
52%
Jannah
48%
Beaumont Kin
26%
Aucun quiz correspondant
Distribution des résultats
% des personnes avec chaque résultat
Percentile par nombre de réponses
Votre historique - résultats
Vous n’avez pas pris ce quiz